[Event "Bayern-chTT (RL Sued-West)"]
[Site "Bayern 2008/09"]
[Date "2008.12.14"]
[Round "4.1"]
[White "Komljenovic, Luka"]
[Black "Jussupow, Nadia"]
[Result "1/2-1/2"]
[WhiteElo "2205"]
[BlackElo "2123"]
[PlyCount "124"]
[EventDate "2009.03.??"]
[EventType "team-tourn"]
[EventRounds "9"]
[WhiteTeam "Unterhaching 1"]
[BlackTeam "Krumbach 2"]

1. Nf3 d5 2. d4 Nf6 3. c4 e6 4. Nc3 Be7 5. Bg5 h6 6. Bh4 O-O 7. e3 b6 8. Rc1
Bb7 9. Bxf6 Bxf6 10. cxd5 exd5 11. Bd3 c5 12. O-O Nd7 13. Bf5 g6 14. Bxd7 Qxd7
15. dxc5 bxc5 16. Ne4 Bxb2 17. Nxc5 Qe7 18. Rb1 Qxc5 19. Rxb2 Ba6 20. Re1 Rab8
21. Rc2 Qa5 22. Ne5 Bb5 23. Qa1 h5 24. Rec1 Ba4 25. Rc7 d4 26. exd4 Bd1 27. Qc3
Qxc3 28. R7xc3 Ba4 29. d5 Rb5 30. Nc6 Kg7 31. Ra3 Bc2 32. Nd4 Rxd5 33. Nxc2 Rc8
34. Kf1 Rd2 35. Rxa7 Rcxc2 36. Rxc2 Rxc2 37. h4 Rb2 38. g3 Rd2 39. Kg2 Rc2 40.
a4 Ra2 41. a5 Ra3 42. a6 Kf6 43. Kf1 Ra2 44. Ke1 g5 45. hxg5+ Kxg5 46. Ra8 Kg4
47. Rf8 h4 48. Rxf7 hxg3 49. Rg7+ Kf5 50. fxg3 Rxa6 51. Kf2 Ra4 52. Kf3 Ra3+
53. Kg2 Ra4 54. Kh3 Kf6 55. Rg8 Kf7 56. Rb8 Kg6 57. Rb5 Kh6 58. g4 Kg6 59. Kh4
Ra6 60. Rb8 Ra5 61. Rb6+ Kg7 62. g5 Ra1 1/2-1/2

[Event "Bayern-chTT (RL Sued-West)"]
[Site "Bayern 2008/09"]
[Date "2008.12.14"]
[Round "4.2"]
[White "Jussupow, Ekaterina"]
[Black "Dengler, Peter"]
[Result "1-0"]
[WhiteElo "2180"]
[BlackElo "2246"]
[PlyCount "79"]
[EventDate "2009.03.??"]
[EventType "team-tourn"]
[EventRounds "9"]
[WhiteTeam "Krumbach 2"]
[BlackTeam "Unterhaching 1"]

1. d4 f5 2. g3 Nf6 3. Bg2 d6 4. Nf3 g6 5. b3 Bg7 6. Bb2 O-O 7. Nbd2 Na6 8. O-O
c6 9. Re1 Nc7 10. e4 f4 11. c4 Nh5 12. Qc2 Bg4 13. d5 Bxb2 14. Qxb2 e5 15. dxe6
Nxe6 16. e5 d5 17. cxd5 cxd5 18. Nd4 fxg3 19. hxg3 Qd7 20. N2f3 Nhg7 21. Nh2
Nxd4 22. Qxd4 Be6 23. Rad1 Nf5 24. Qd2 Ne7 25. Nf3 Bg4 26. Re3 Rac8 27. Rde1
Qf5 28. Nd4 Qh5 29. Qa5 Nf5 30. Qxd5+ Kh8 31. Nxf5 Qxf5 32. f4 Rfd8 33. Qa5 b6
34. Qb4 Qc2 35. e6 Rd2 36. Qe4 Qxa2 37. e7 Kg7 38. Qe5+ Kh6 39. Qg5+ Kg7 40.
e8=N+ 1-0

[Event "Bayern-chTT (RL Sued-West)"]
[Site "Bayern 2008/09"]
[Date "2008.12.14"]
[Round "4.3"]
[White "Schmidt, Gerhard(40)"]
[Black "Jussupow, Alexander"]
[Result "1-0"]
[WhiteElo "2171"]
[BlackElo "2047"]
[PlyCount "52"]
[EventDate "2009.03.??"]
[EventType "team-tourn"]
[EventRounds "9"]
[WhiteTeam "Unterhaching 1"]
[BlackTeam "Krumbach 2"]

1. d4 d5 2. Nf3 Nf6 3. c4 e6 4. Nc3 Be7 5. Bg5 h6 6. Bxf6 Bxf6 7. e3 O-O 8. b4
b6 9. Qb3 Bb7 10. cxd5 exd5 11. Be2 c6 12. O-O a5 13. a3 b5 14. e4 axb4 15.
axb4 Rxa1 16. Rxa1 c5 17. e5 cxd4 18. Nxb5 Be7 19. Nbxd4 Qb6 20. h3 Rc8 21. Rb1
Nc6 22. Nf5 Bxb4 23. Nd6 Na5 24. Qa4 Rc3 25. Rxb4 Rc1+ 26. Kh2 Qxf2 1-0

[Event "Bayern-chTT (RL Sued-West)"]
[Site "Bayern 2008/09"]
[Date "2008.12.14"]
[Round "4.4"]
[White "Lutz, Albert(45)"]
[Black "Brosig, Boris"]
[Result "0-1"]
[WhiteElo "2084"]
[BlackElo "2132"]
[PlyCount "64"]
[EventDate "2009.03.??"]
[EventType "team-tourn"]
[EventRounds "9"]
[WhiteTeam "Krumbach 2"]
[BlackTeam "Unterhaching 1"]

1. Nf3 e6 2. d4 b6 3. Bf4 Bb7 4. e3 f5 5. c4 Bb4+ 6. Nbd2 Nf6 7. a3 Bxd2+ 8.
Qxd2 d6 9. Qc2 Nbd7 10. Be2 O-O 11. Bg5 h6 12. Bxf6 Qxf6 13. O-O-O e5 14. Rhg1
Be4 15. Qc3 Rae8 16. Rd2 a5 17. Bd1 Re7 18. Ba4 exd4 19. exd4 Rfe8 20. Re1 c6
21. Rde2 Kh8 22. g3 b5 23. cxb5 Nb6 24. Bc2 Nd5 25. Qxc6 Nb4 26. Qxe8+ Rxe8 27.
axb4 Rc8 28. bxa5 Qf7 29. Rxe4 fxe4 30. Nd2 Qxf2 31. Rf1 Qe3 32. Rd1 Qd3 0-1

[Event "Bayern-chTT (RL Sued-West)"]
[Site "Bayern 2008/09"]
[Date "2008.12.14"]
[Round "4.5"]
[White "Broschwitz, Martin"]
[Black "Link, Ulrich Dr"]
[Result "1/2-1/2"]
[WhiteElo "2086"]
[BlackElo "2112"]
[PlyCount "66"]
[EventDate "2009.03.??"]
[EventType "team-tourn"]
[EventRounds "9"]
[WhiteTeam "Unterhaching 1"]
[BlackTeam "Krumbach 2"]

1. d4 e6 2. Nf3 c5 3. c3 d5 4. g3 Nc6 5. Bg2 b5 6. O-O Qb6 7. Bf4 Nf6 8. Ne5
Bb7 9. e3 Be7 10. Nd2 Rd8 11. Bg5 h6 12. Bxf6 Bxf6 13. f4 cxd4 14. cxd4 Nxe5
15. fxe5 Bg5 16. Qe2 b4 17. Rfc1 Qa6 18. Kf2 Qb6 19. Bf1 O-O 20. Kg2 a6 21. Nb3
Be7 22. Nc5 Bxc5 23. Rxc5 f6 24. Qh5 Bc6 25. exf6 Rxf6 26. Rac1 Bb5 27. Bxb5
axb5 28. Rc7 Kh7 29. Rf7 Rf8 30. Rcc7 R8xf7 31. Rxf7 Rxf7 32. Qxf7 Qc6 33. Kh3
Qc4 1/2-1/2

[Event "Bayern-chTT (RL Sued-West)"]
[Site "Bayern 2008/09"]
[Date "2008.12.14"]
[Round "4.6"]
[White "Riedel, Lutz"]
[Black "Czap, Bernhard"]
[Result "1-0"]
[WhiteElo "1981"]
[BlackElo "2061"]
[PlyCount "89"]
[EventDate "2009.03.??"]
[EventType "team-tourn"]
[EventRounds "9"]
[WhiteTeam "Krumbach 2"]
[BlackTeam "Unterhaching 1"]

1. c4 f5 2. Nc3 Nf6 3. d3 d6 4. e4 e5 5. exf5 Bxf5 6. Be2 Nc6 7. g4 Bg6 8. g5
Nd7 9. h4 Nc5 10. Nd5 Nd4 11. b4 Nce6 12. Be3 c6 13. Nc3 d5 14. cxd5 Bxb4 15.
Bd2 Bxc3 16. Bxc3 Qxd5 17. Bf3 Nxf3+ 18. Qxf3 e4 19. Qe3 Qxd3 20. h5 Qxe3+ 21.
fxe3 Bf5 22. h6 Rg8 23. hxg7 Nxg7 24. Ne2 Ne6 25. Ng3 Rxg5 26. Nxf5 Rxf5 27.
Rxh7 O-O-O 28. Re7 Ng5 29. Ke2 Rdf8 30. Be1 Rb5 31. Bc3 Rc5 32. Rc1 a6 33. a4
Rf7 34. Re8+ Kd7 35. Rb8 Kc7 36. Re8 Rcf5 37. Be1 Kd7 38. Rb8 Ke6 39. Rc4 Nf3
40. Rxe4+ Kd5 41. Ree8 Nxe1 42. e4+ Kc4 43. exf5 Ng2 44. Kf2 Nh4 45. Re4+ 1-0

[Event "Bayern-chTT (RL Sued-West)"]
[Site "Bayern 2008/09"]
[Date "2008.12.14"]
[Round "4.7"]
[White "Demir, Bilal"]
[Black "Maurer, Rainer(63)"]
[Result "1/2-1/2"]
[WhiteElo "2063"]
[BlackElo "1911"]
[PlyCount "65"]
[EventDate "2009.03.??"]
[EventType "team-tourn"]
[EventRounds "9"]
[WhiteTeam "Unterhaching 1"]
[BlackTeam "Krumbach 2"]

1. e4 c5 2. c3 g6 3. d4 cxd4 4. cxd4 d5 5. e5 Bg7 6. Nf3 Bg4 7. Be2 Nc6 8. b3
Nh6 9. Na3 Qa5+ 10. Kf1 O-O 11. h3 Bxf3 12. Bxf3 Nf5 13. Nc2 e6 14. g4 Nfe7 15.
Kg2 f6 16. exf6 Rxf6 17. Be3 Raf8 18. Be2 Nc8 19. Rf1 Nd6 20. f3 Nb5 21. Qd3 a6
22. a4 Nd6 23. Bd2 Qb6 24. b4 Nc4 25. Bc3 Rf4 26. Rfd1 Qd8 27. b5 Ne7 28. Ne3
e5 29. Nxc4 e4 30. Qe3 exf3+ 31. Bxf3 Rxf3 32. Qe6+ Kh8 33. Bb4 1/2-1/2

[Event "Bayern-chTT (RL Sued-West)"]
[Site "Bayern 2008/09"]
[Date "2008.12.14"]
[Round "4.8"]
[White "Gulde, Josef(49)"]
[Black "Rimmelspacher, Udo"]
[Result "0-1"]
[WhiteElo "1862"]
[BlackElo "2024"]
[PlyCount "102"]
[EventDate "2009.03.??"]
[EventType "team-tourn"]
[EventRounds "9"]
[WhiteTeam "Krumbach 2"]
[BlackTeam "Unterhaching 1"]

1. d4 Nf6 2. Bg5 Ne4 3. h4 h6 4. Bf4 e6 5. f3 Bd6 6. Bxd6 Nxd6 7. e4 f5 8. e5
Nf7 9. f4 d5 10. Nf3 h5 11. Nbd2 Nh6 12. Ng5 Ng4 13. Rh3 Qe7 14. Rc1 O-O 15. a3
c5 16. c3 Bd7 17. Be2 Nc6 18. Nb3 c4 19. Nc5 Na5 20. Nxd7 Qxd7 21. Qc2 b5 22.
Bxg4 hxg4 23. Rg3 g6 24. Kf2 Kg7 25. Rh1 Rh8 26. Re3 Nc6 27. Ree1 Rab8 28. g3
Rh5 29. Ra1 Na5 30. Kg2 Rb6 31. Rh2 Nb3 32. Rb1 Kf8 33. Qd1 Ke8 34. Kh1 Qe7 35.
Qc2 Kd7 36. Qg2 a5 37. Kg1 Qe8 38. Qf1 Ke7 39. Rc2 b4 40. axb4 axb4 41. Qd1 Qb5
42. Kg2 Ra6 43. Qe2 Ra2 44. Qf2 Qa4 45. Re2 Qa5 46. Rc2 Rh8 47. Rh1 Ra1 48. Re1
bxc3 49. bxc3 Rxe1 50. Ra2 Ra1 51. Rxa5 Rxa5 0-1

[Event "Bayern-chTT (RL Sued-West)"]
[Site "Bayern 2008/09"]
[Date "2008.12.14"]
[Round "4.1"]
[White "Hennig, Dirk"]
[Black "Wolfsteiner, Helmut"]
[Result "0-1"]
[WhiteElo "2359"]
[BlackElo "2255"]
[PlyCount "89"]
[EventDate "2009.03.??"]
[EventType "team-tourn"]
[EventRounds "9"]
[WhiteTeam "München-Tarrasch 2"]
[BlackTeam "Kriegshaber 1"]

1. d4 d5 2. Nf3 Nf6 3. c4 e6 4. Nc3 Be7 5. Bg5 h6 6. Bh4 O-O 7. e3 b6 8. Rc1
Bb7 9. cxd5 Nxd5 10. Bxe7 Qxe7 11. Bd3 Nxc3 12. Rxc3 Rc8 13. Qc2 Na6 14. a3 c5
15. Bxa6 Bxa6 16. dxc5 Rxc5 17. Rxc5 bxc5 18. Kd2 e5 19. Qe4 Rb8 20. Kc1 f6 21.
Rd1 Bc8 22. Qd5+ Be6 23. Qd6 Qe8 24. Ng1 Bc4 25. Qd7 Qg6 26. Qxa7 Rf8 27. Qb7
Ba2 28. Rd7 Kh8 29. Ne2 Bb1 30. Rd2 c4 31. Nc3 Bd3 32. f3 f5 33. b4 Qd6 34. Qd5
Qb8 35. Qb5 Qa7 36. a4 Qxe3 37. Qc5 Qe1+ 38. Nd1 Rb8 39. b5 Ra8 40. Qf2 Qxf2
41. Rxf2 Rxa4 42. Rb2 Ra8 43. b6 e4 44. f4 e3 45. b7 0-1

[Event "Bayern-chTT (RL Sued-West)"]
[Site "Bayern 2008/09"]
[Date "2008.12.14"]
[Round "4.2"]
[White "Bintakies, Michael"]
[Black "Wood, Christopher"]
[Result "1-0"]
[WhiteElo "2151"]
[BlackElo "2202"]
[PlyCount "59"]
[EventDate "2009.03.??"]
[EventType "team-tourn"]
[EventRounds "9"]
[WhiteTeam "Kriegshaber 1"]
[BlackTeam "München-Tarrasch 2"]

1. f4 d5 2. Nf3 Nf6 3. g3 g6 4. Bg2 Bg7 5. O-O c5 6. d3 O-O 7. c3 Nc6 8. Na3
Rb8 9. Ne5 Nxe5 10. fxe5 Ng4 11. d4 cxd4 12. cxd4 Be6 13. Qb3 b5 14. Bf4 Qb6
15. e3 Rfd8 16. Rac1 b4 17. Nc2 h5 18. Ne1 a5 19. Nd3 Bf5 20. Nc5 e6 21. h3 Nh6
22. Bg5 f6 23. exf6 Nf7 24. Bf4 Bxf6 25. Bxb8 Qxb8 26. Nxe6 Bxe6 27. Rxf6 Bf5
28. e4 Kg7 29. Rxf7+ Kxf7 30. exf5 1-0

[Event "Bayern-chTT (RL Sued-West)"]
[Site "Bayern 2008/09"]
[Date "2008.12.14"]
[Round "4.3"]
[White "Buchner, Rudolf"]
[Black "Hahn, Christoph Dr(70)"]
[Result "0-1"]
[WhiteElo "2179"]
[BlackElo "2136"]
[PlyCount "191"]
[EventDate "2009.03.??"]
[EventType "team-tourn"]
[EventRounds "9"]
[WhiteTeam "München-Tarrasch 2"]
[BlackTeam "Kriegshaber 1"]

1. e4 c5 2. Nf3 e6 3. d4 cxd4 4. Nxd4 a6 5. Nc3 b5 6. a3 Bb7 7. Bd3 Bc5 8. Nb3
Bb6 9. O-O Ne7 10. Qe2 Nbc6 11. Be3 O-O 12. Rad1 Ne5 13. Kh1 Bxe3 14. Qxe3 Nxd3
15. Rxd3 Qc7 16. Rfd1 Rad8 17. Qc5 Nc6 18. Qd6 Qb6 19. Nc5 Bc8 20. b4 f5 21.
Rf3 fxe4 22. Rxf8+ Rxf8 23. N3xe4 Rf7 24. f3 h6 25. c3 Re7 26. h3 Qa7 27. Re1
Qa8 28. Nd3 Rf7 29. Rd1 Bb7 30. Ndc5 Bc8 31. Kh2 a5 32. Qd3 axb4 33. axb4 d5
34. Nd6 Qb8 35. Nce4 dxe4 36. Qxe4 Nd8 37. Qg6 Rd7 38. Qe8+ Kh7 39. Qf8 Rf7 40.
Qxd8 Rd7 41. Qf8 Qc7 42. Qf4 Bb7 43. Rd4 Bc6 44. g3 Qa7 45. Rd2 Qa1 46. Qe3 Qc1
47. Qd3+ Kh8 48. Rd1 Qb2+ 49. Rd2 Qa1 50. h4 Qa8 51. Qe3 Bxf3 52. Qxe6 Qa1 53.
g4 Qxc3 54. Qxd7 Qxd2+ 55. Kg3 Qd5 56. Qc8+ Kh7 57. Qf5+ Qxf5 58. Nxf5 Be2 59.
Nd4 Bc4 60. Kf4 Kg6 61. Ke5 Bf1 62. Ne6 Kf7 63. g5 hxg5 64. hxg5 Bc4 65. Nf4
Ke7 66. Kd4 Bf1 67. Kc5 Bc4 68. Ng6+ Ke6 69. Nh4 Be2 70. Kd4 Bc4 71. Ke4 Bd5+
72. Kf4 Bh1 73. Nf5 g6 74. Nh4 Kf7 75. Ke5 Bc6 76. Kd6 Be4 77. Kc5 Bd3 78. Nf3
Ke6 79. Nd4+ Ke5 80. Nxb5 Kf4 81. Nd6 Kxg5 82. Nc4 Kf4 83. b5 g5 84. Kd4 g4 85.
b6 Be4 86. Ne3 g3 87. Nd5+ Bxd5 88. Kxd5 g2 89. b7 g1=Q 90. b8=Q+ Kf3 91. Qb3+
Ke2 92. Qb2+ Kf3 93. Kc4 Qf1+ 94. Kd5 Qd3+ 95. Ke5 Qe2+ 96. Kd4 0-1

[Event "Bayern-chTT (RL Sued-West)"]
[Site "Bayern 2008/09"]
[Date "2008.12.14"]
[Round "4.4"]
[White "Jermann, Frank Dr"]
[Black "Trescher, Manfred"]
[Result "1/2-1/2"]
[WhiteElo "2088"]
[BlackElo "2134"]
[PlyCount "63"]
[EventDate "2009.03.??"]
[EventType "team-tourn"]
[EventRounds "9"]
[WhiteTeam "Kriegshaber 1"]
[BlackTeam "München-Tarrasch 2"]

1. d4 d5 2. c3 e6 3. Bf4 Bd6 4. Bxd6 Qxd6 5. Nd2 Nf6 6. e3 Nbd7 7. f4 O-O 8.
Bd3 Ne8 9. Qc2 f5 10. g4 g6 11. g5 Rf7 12. Ne2 c5 13. Ng3 cxd4 14. cxd4 Nf8 15.
Nf3 Rc7 16. Qe2 Bd7 17. h4 Rac8 18. Kf2 Qb4 19. Rad1 Nd6 20. Ne1 Ne4+ 21. Nxe4
dxe4 22. Bb1 Bb5 23. Qd2 Qxd2+ 24. Rxd2 Bc4 25. b3 Bd5 26. Nc2 a5 27. Na3 Nd7
28. Rc2 Rxc2+ 29. Bxc2 Nb8 30. Ke2 Na6 31. Kd2 Nb4 32. Bb1 1/2-1/2

[Event "Bayern-chTT (RL Sued-West)"]
[Site "Bayern 2008/09"]
[Date "2008.12.14"]
[Round "4.5"]
[White "Schwarzberg, Ilja"]
[Black "Stelter, Felix"]
[Result "0-1"]
[WhiteElo "2085"]
[BlackElo "2132"]
[PlyCount "68"]
[EventDate "2009.03.??"]
[EventType "team-tourn"]
[EventRounds "9"]
[WhiteTeam "München-Tarrasch 2"]
[BlackTeam "Kriegshaber 1"]

1. d4 Nf6 2. Nf3 e6 3. Bg5 d5 4. e3 Be7 5. Bd3 Nbd7 6. Nbd2 b6 7. Qe2 Bb7 8. c3
Ne4 9. Bf4 g5 10. Be5 f6 11. Bg3 h5 12. h3 Nxg3 13. Bg6+ Kf8 14. fxg3 Kg7 15.
Bc2 Bd6 16. O-O-O Bxg3 17. e4 Bf4 18. Kb1 Rf8 19. e5 c5 20. Nf1 h4 21. Rg1 Rh8
22. exf6+ Nxf6 23. Qxe6 Qe8 24. Nxg5 Bxg5 25. Qf5 Rh5 26. g4 Bc8 27. gxh5 Bxf5
28. Rxg5+ Kh8 29. Rxf5 Qe6 30. Rf4 cxd4 31. cxd4 Rc8 32. Bf5 Qe2 33. Rc1 Rxc1+
34. Kxc1 Nxh5 0-1

[Event "Bayern-chTT (RL Sued-West)"]
[Site "Bayern 2008/09"]
[Date "2008.12.14"]
[Round "4.6"]
[White "Demel, Paul"]
[Black "Rasch, Gerhard"]
[Result "1-0"]
[WhiteElo "2053"]
[BlackElo "2078"]
[PlyCount "61"]
[EventDate "2009.03.??"]
[EventType "team-tourn"]
[EventRounds "9"]
[WhiteTeam "Kriegshaber 1"]
[BlackTeam "München-Tarrasch 2"]

1. Nf3 d5 2. d4 Nf6 3. c4 e6 4. Nc3 Nbd7 5. Bg5 Be7 6. e3 b6 7. cxd5 Nxd5 8.
Bxe7 Nxe7 9. Bd3 O-O 10. O-O h6 11. Rc1 c5 12. Be4 Rb8 13. Qa4 a6 14. Rfd1 b5
15. Qc2 c4 16. d5 exd5 17. Nxd5 Nxd5 18. Bxd5 Qe7 19. b3 cxb3 20. Bxb3 Nb6 21.
Qc7 Rb7 22. Qxe7 Rxe7 23. Rd6 Na8 24. Nd4 Bb7 25. Nf5 Re5 26. Rd7 Rxf5 27. Rxb7
Rf6 28. e4 g6 29. f3 Kg7 30. e5 Rb6 31. Ra7 1-0

[Event "Bayern-chTT (RL Sued-West)"]
[Site "Bayern 2008/09"]
[Date "2008.12.14"]
[Round "4.7"]
[White "Koch, Enrico"]
[Black "Schechter, Dimitri"]
[Result "1/2-1/2"]
[WhiteElo "2011"]
[BlackElo "2082"]
[PlyCount "35"]
[EventDate "2009.03.??"]
[EventType "team-tourn"]
[EventRounds "9"]
[WhiteTeam "München-Tarrasch 2"]
[BlackTeam "Kriegshaber 1"]

1. Nf3 d5 2. g3 Nf6 3. Bg2 c6 4. O-O Bf5 5. c4 Nbd7 6. b3 h6 7. Ba3 e6 8. Bxf8
Nxf8 9. d3 N8d7 10. Nbd2 O-O 11. b4 a6 12. a4 e5 13. b5 axb5 14. axb5 Qe7 15.
Qb3 Qd6 16. Qb2 Rfe8 17. Rxa8 Rxa8 18. Ra1 1/2-1/2

[Event "Bayern-chTT (RL Sued-West)"]
[Site "Bayern 2008/09"]
[Date "2008.12.14"]
[Round "4.8"]
[White "Schoenau, Helmut"]
[Black "Daurer, Walter"]
[Result "0-1"]
[WhiteElo "1969"]
[BlackElo "1920"]
[PlyCount "68"]
[EventDate "2009.03.??"]
[EventType "team-tourn"]
[EventRounds "9"]
[WhiteTeam "Kriegshaber 1"]
[BlackTeam "München-Tarrasch 2"]

1. c4 Nf6 2. Nc3 g6 3. g3 Bg7 4. Bg2 O-O 5. e4 d6 6. Nge2 e5 7. O-O Nc6 8. b3
Be6 9. Bb2 Qd7 10. d4 exd4 11. Nxd4 Nxd4 12. Qxd4 Nd5 13. Qd2 Nxc3 14. Bxc3
Bxc3 15. Qxc3 Bh3 16. Rad1 Bxg2 17. Kxg2 Rae8 18. Rfe1 Qc6 19. Qd4 Re5 20. f4
Re6 21. Qd5 Rfe8 22. Kf3 Qa6 23. Re2 Qb6 24. h4 h5 25. Rde1 Kg7 26. e5 c6 27.
Qd2 dxe5 28. fxe5 Qc5 29. Qg5 b5 30. g4 hxg4+ 31. Kxg4 bxc4 32. h5 cxb3 33. h6+
Kh7 34. axb3 f5+ 0-1

[Event "Bayern-chTT (RL Sued-West)"]
[Site "Bayern 2008/09"]
[Date "2009.01.18"]
[Round "5.1"]
[White "Wittke, Volker"]
[Black "Hennig, Dirk"]
[Result "0-1"]
[WhiteElo "2084"]
[BlackElo "2359"]
[PlyCount "74"]
[EventDate "2009.03.??"]
[EventType "team-tourn"]
[EventRounds "9"]
[WhiteTeam "Garching 2"]
[BlackTeam "München-Tarrasch 2"]

1. e4 g6 2. d4 c6 3. Nf3 d5 4. exd5 cxd5 5. c4 Nf6 6. Qb3 Bg7 7. cxd5 O-O 8.
Bc4 Nbd7 9. Nc3 Nb6 10. O-O Nxc4 11. Qxc4 b6 12. Ne5 Bb7 13. Nc6 Qd7 14. Qb4
Rfe8 15. Ne5 Nxd5 16. Qb3 Qd8 17. Bf4 e6 18. Bg3 Rc8 19. Rac1 Bh6 20. Rc2 Nf4
21. Ng4 Qg5 22. f3 Bg7 23. h4 Qf5 24. Rd2 g5 25. Re1 Nd3 26. Re3 gxh4 27. Bxh4
h5 28. Nf6+ Bxf6 29. Bxf6 Nc1 30. Qc2 Qxc2 31. Rxc2 Nxa2 32. Re5 Kh7 33. g4
Nxc3 34. Rxh5+ Kg6 35. Be5 f6 36. Rch2 fxe5 37. dxe5 Nd5 0-1

[Event "Bayern-chTT (RL Sued-West)"]
[Site "Bayern 2008/09"]
[Date "2009.01.18"]
[Round "5.2"]
[White "Singer, Christoph(70)"]
[Black "Mueller, Marcus(63)"]
[Result "1/2-1/2"]
[WhiteElo "2312"]
[BlackElo "2081"]
[PlyCount "43"]
[EventDate "2009.03.??"]
[EventType "team-tourn"]
[EventRounds "9"]
[WhiteTeam "München-Tarrasch 2"]
[BlackTeam "Garching 2"]

1. e4 c5 2. Nf3 Nc6 3. d4 cxd4 4. Nxd4 Nf6 5. Nc3 d6 6. Be2 e6 7. Be3 Be7 8.
O-O O-O 9. Nb3 a6 10. f4 Qc7 11. Bf3 Rb8 12. Qe1 Re8 13. Rd1 b5 14. a3 Bb7 15.
Qg3 Nd7 16. Kh1 b4 17. axb4 Nxb4 18. Nd4 Nc6 19. Nb3 Nb4 20. Nd4 Nc6 21. Nde2
Nb4 22. Nd4 1/2-1/2

[Event "Bayern-chTT (RL Sued-West)"]
[Site "Bayern 2008/09"]
[Date "2009.01.18"]
[Round "5.3"]
[White "Lutz, Gerhard(65)"]
[Black "Buchner, Rudolf"]
[Result "1/2-1/2"]
[WhiteElo "2084"]
[BlackElo "2179"]
[PlyCount "77"]
[EventDate "2009.03.??"]
[EventType "team-tourn"]
[EventRounds "9"]
[WhiteTeam "Garching 2"]
[BlackTeam "München-Tarrasch 2"]

1. e4 e5 2. Nf3 Nc6 3. Bb5 a6 4. Bxc6 dxc6 5. O-O Qd6 6. Na3 Be6 7. Qe2 b5 8.
c3 Bg4 9. Rd1 c5 10. h3 Bxf3 11. Qxf3 Rd8 12. d3 Qe6 13. Nc2 Bd6 14. d4 cxd4
15. cxd4 Ne7 16. d5 Qg6 17. Qg4 Qxg4 18. hxg4 h5 19. gxh5 Rxh5 20. g4 Rh7 21.
Bg5 f6 22. Be3 Kd7 23. Kg2 Rdh8 24. Rh1 Rxh1 25. Rxh1 Rxh1 26. Kxh1 c6 27.
dxc6+ Kxc6 28. Kg2 Bc5 29. Bd2 Kb6 30. Kf3 a5 31. b3 Nc6 32. g5 a4 33. gxf6
gxf6 34. Ke2 axb3 35. axb3 b4 36. f3 Kb5 37. Be3 Na5 38. Bxc5 Kxc5 39. Na1
1/2-1/2

[Event "Bayern-chTT (RL Sued-West)"]
[Site "Bayern 2008/09"]
[Date "2009.01.18"]
[Round "5.4"]
[White "Haritonov, Alexander"]
[Black "Weinberger, Wolfgang"]
[Result "1/2-1/2"]
[WhiteElo "2187"]
[BlackElo "2039"]
[PlyCount "36"]
[EventDate "2009.03.??"]
[EventType "team-tourn"]
[EventRounds "9"]
[WhiteTeam "München-Tarrasch 2"]
[BlackTeam "Garching 2"]

1. d4 Nf6 2. c4 e6 3. Nc3 Bb4 4. Qc2 Nc6 5. Nf3 O-O 6. Bg5 d6 7. e4 e5 8. dxe5
dxe5 9. Rd1 Qe7 10. Be2 Bg4 11. O-O Bxc3 12. bxc3 h6 13. Bh4 Qe6 14. Rd5 Bxf3
15. Bxf3 Ne7 16. Rb5 b6 17. c5 Qc6 18. Qb3 Ng6 1/2-1/2

[Event "Bayern-chTT (RL Sued-West)"]
[Site "Bayern 2008/09"]
[Date "2009.01.18"]
[Round "5.5"]
[White "Tunka, Philipp"]
[Black "Trescher, Manfred"]
[Result "0-1"]
[WhiteElo "1970"]
[BlackElo "2134"]
[PlyCount "72"]
[EventDate "2009.03.??"]
[EventType "team-tourn"]
[EventRounds "9"]
[WhiteTeam "Garching 2"]
[BlackTeam "München-Tarrasch 2"]

1. d4 d5 2. c4 e6 3. Nc3 c6 4. Nf3 dxc4 5. a4 Bb4 6. e3 b5 7. Bd2 a5 8. b3 Bxc3
9. Bxc3 b4 10. Bb2 c3 11. Bc1 Ba6 12. Ne5 Nf6 13. f3 Bxf1 14. Kxf1 Nbd7 15. Nd3
c5 16. Kf2 cxd4 17. exd4 Qb6 18. Be3 Nd5 19. Qe2 Nxe3 20. Qxe3 O-O 21. h4 Rfe8
22. Rae1 Rad8 23. h5 f6 24. Rh4 e5 25. dxe5 Qxe3+ 26. Rxe3 Nxe5 27. Nxe5 Rxe5
28. Rxe5 fxe5 29. Rc4 Rd2+ 30. Ke3 Rb2 31. Rc5 Rxb3 32. Rxa5 c2+ 33. Kd2 Rc3
34. Kc1 b3 35. Rb5 Rd3 36. Kb2 Rd1 0-1

[Event "Bayern-chTT (RL Sued-West)"]
[Site "Bayern 2008/09"]
[Date "2009.01.18"]
[Round "5.6"]
[White "Schwarzberg, Ilja"]
[Black "Cramer, Christian(69)"]
[Result "1-0"]
[WhiteElo "2085"]
[BlackElo "1944"]
[PlyCount "45"]
[EventDate "2009.03.??"]
[EventType "team-tourn"]
[EventRounds "9"]
[WhiteTeam "München-Tarrasch 2"]
[BlackTeam "Garching 2"]

1. d4 e6 2. Nf3 c5 3. e4 cxd4 4. c3 d3 5. Bxd3 d6 6. O-O Nc6 7. c4 Nf6 8. Nc3
Be7 9. a3 a6 10. h3 O-O 11. Qe2 Qa5 12. b4 Qh5 13. Qc2 Rd8 14. Ne2 Ne5 15. Nxe5
Qxe5 16. Bb2 Qh5 17. Rae1 Ne8 18. f4 f6 19. Ng3 Qf7 20. f5 Nc7 21. fxe6 Nxe6
22. e5 dxe5 23. Bxh7+ 1-0

[Event "Bayern-chTT (RL Sued-West)"]
[Site "Bayern 2008/09"]
[Date "2009.01.18"]
[Round "5.7"]
[White "Dihm, Daniel"]
[Black "Rasch, Gerhard"]
[Result "1/2-1/2"]
[WhiteElo "1864"]
[BlackElo "2078"]
[PlyCount "87"]
[EventDate "2009.03.??"]
[EventType "team-tourn"]
[EventRounds "9"]
[WhiteTeam "Garching 2"]
[BlackTeam "München-Tarrasch 2"]

1. Nf3 d5 2. d4 c6 3. c4 e6 4. e3 Nf6 5. Nc3 Nbd7 6. Bd3 dxc4 7. Bxc4 b5 8. Bd3
a6 9. e4 c5 10. e5 cxd4 11. Ne4 Nd5 12. O-O Qb6 13. Re1 Be7 14. Bg5 f6 15. exf6
gxf6 16. Bh6 e5 17. Nh4 Nf8 18. Qh5+ Kd8 19. Nf5 Bxf5 20. Qxf5 Qe6 21. Ng3 Qxf5
22. Bxf5 Ra7 23. Bd2 Ng6 24. Rac1 Ke8 25. Rc8+ Bd8 26. Ne4 Ke7 27. Rc5 Nb6 28.
Bb4 Kf7 29. Rc6 Kg7 30. Bc5 Rb7 31. Nxf6 Bxf6 32. Rxb6 Rxb6 33. Bxb6 Ne7 34.
Be6 Re8 35. Bd7 Rb8 36. Bc5 Rd8 37. Bg4 Nd5 38. g3 Kg6 39. Bf3 h6 40. Be4+ Kf7
41. Bf5 Ne7 42. Bxe7 Kxe7 43. Bd3 Kd6 44. Kg2 1/2-1/2

[Event "Bayern-chTT (RL Sued-West)"]
[Site "Bayern 2008/09"]
[Date "2009.01.18"]
[Round "5.8"]
[White "Koch, Enrico"]
[Black "Neidl, Hans"]
[Result "1-0"]
[WhiteElo "2011"]
[BlackElo "1816"]
[PlyCount "63"]
[EventDate "2009.03.??"]
[EventType "team-tourn"]
[EventRounds "9"]
[WhiteTeam "München-Tarrasch 2"]
[BlackTeam "Garching 2"]

1. Nf3 d5 2. g3 Nf6 3. Bg2 g6 4. c4 Bg7 5. cxd5 Nxd5 6. O-O O-O 7. d4 c6 8. e4
Nf6 9. Nc3 e6 10. Be3 Nbd7 11. e5 Nd5 12. Bg5 Qc7 13. Nxd5 exd5 14. Qd2 Nb6 15.
b3 Be6 16. h4 h5 17. Rac1 Qd7 18. Ne1 Bh3 19. Nd3 Bxg2 20. Kxg2 Qc8 21. f4 Qf5
22. Nc5 Rab8 23. Be7 Nd7 24. Nxd7 Qxd7 25. Bxf8 Bxf8 26. f5 Kh7 27. e6 Bh6 28.
Qd3 Qe8 29. fxg6+ fxg6 30. Rce1 Rd8 31. Rf7+ Bg7 32. Re5 1-0